Zakladáme firmu podle nového zákonodárství

Enregistré dans:
Détails bibliographiques
Format: Livre
Langue:tchèque
Publié: Praha Servis půmyslu a obchodu 1992
Édition:1. vyd.
Sujets:
Tags: Ajouter un tag
Pas de tags, Soyez le premier à ajouter un tag!

MARC

LEADER 00000nam a2200000 4500
001 c000910
005 20221214091040.5
041 0 |a cze 
044 |a CZ 
245 1 0 |a Zakladáme firmu podle nového zákonodárství 
250 |a 1. vyd. 
264 1 |a Praha  |b Servis půmyslu a obchodu  |c 1992 
300 |a 47 s. 
610 2 0 |a podnik súkromný 
610 2 0 |a firmy 
610 2 0 |a podnikanie 
610 2 0 |a zákonník hospodársky 
610 2 0 |a právo hospodárske 
610 2 0 |a právo občianske 
610 2 0 |a normy právne